[Event "BL 2017-18"]
[Site "Germany"]
[Date "2018.04.29"]
[Round "13.3"]
[White "Moehn, Hans"]
[Black "Zumsande, Martin"]
[Result "1/2-1/2"]
[WhiteElo "2352"]
[BlackElo "2453"]
[Annotator "TA"]
[PlyCount "51"]
[EventDate "2018.05.24"]
[EventType "team-tourn"]
[EventCountry "GER"]
[SourceTitle "playchess.com"]
[Source "ChessBase"]
[SourceQuality "1"]
[WhiteTeam "Dresden"]
[BlackTeam "Werder Bremen"]

{[%evp 16,51,0,-9,10,4,8,3,9,-96,-103,-91,-30,-52,-21,-51,23,33,36,0,57,57,52,60,60,64,69,28,24,20,45,20,17,16,18,20,18,24]} 1. Nf3 d5 2. g3 Nf6 3. Bg2 e6 4. O-O Be7 5. c4 O-O 6. d4 dxc4 7. Qc2 b6 {E05: Open Catalan: 5 Nf3 Be7} (7... c6 8. Qxc4 b5 9. Qc2 Bb7 10. Nc3 Nbd7 11. Rd1 Qb6 12. Ne5 Rfd8 13. Be3 Nd5 14. Nxd5 cxd5 15. Rac1 Rac8 16. Qd3 b4 17. Rxc8 Bxc8 {½-½ (41) So,W (2799)-Mamedyarov,S (2809) Berlin 2018}) 8. Nbd2 Bb7 9. Nxc4 {LiveBook: 8 Games} Nbd7 (9... Be4 $5 {[%cal Re4c2]} 10. Qa4 Nbd7 $11) 10. Rd1 c5 $146 ({Predecessor:} 10... Be4 11. Qb3 c5 12. Nfe5 Bxg2 13. Kxg2 Qc7 14. Nxd7 Nxd7 15. Bf4 {½-½ (31) Unuk,L (2332)-Repkova,E (2332) Baku 2016}) 11. dxc5 Bxc5 12. Nce5 {[#]} (12. Nfe5 $11 {remains equal.} Qc8 13. Nxd7 Nxd7 14. Bf4) 12... Qc7 $1 $17 {Hoping for ...Bxf2+!} 13. Nc4 Be4 ({Black should try} 13... Rac8 $17 {Strongly threatening ...Be7.} 14. Bg5 h6 15. Bxf6 Nxf6) 14. Qa4 Bc6 15. Qc2 e5 (15... Bd5 $15 16. b3 b5) 16. Be3 $11 Be4 17. Qa4 b5 (17... Rfd8 $11) 18. Qxb5 $14 {aiming for Ncxe5.} Rab8 19. Qa6 $1 Bxe3 20. Nxe3 Rxb2 21. Rac1 Qb6 $1 {[%cal Rb6a6]} 22. Qxb6 axb6 23. Rd2 Rxd2 {The position is equal.} 24. Nxd2 Bxg2 25. Kxg2 Ra8 26. Rc2 {Precision: White = 51%, Black = 40%.} 1/2-1/2

[Event "BL 2017-18"]
[Site "Germany"]
[Date "2018.04.29"]
[Round "13.4"]
[White "Kollars, Dmitrij"]
[Black "Zysk, Robert"]
[Result "1/2-1/2"]
[WhiteElo "2534"]
[BlackElo "2416"]
[Annotator "TA"]
[PlyCount "60"]
[EventDate "2018.05.24"]
[EventType "team-tourn"]
[EventCountry "GER"]
[SourceTitle "playchess.com"]
[Source "ChessBase"]
[SourceQuality "1"]
[WhiteTeam "Hamburg SK"]
[BlackTeam "Zugzwang Muenchen"]

{[%evp 21,60,22,20,4,7,2,12,0,20,-25,-14,-20,-15,-20,-16,-25,0,0,0,0,0,0,0,0,0,0,0,0,0,0,0,0,0,0,1,0,0,0,7,0,0]} 1. e4 e6 2. d4 d5 3. Nd2 c5 4. exd5 exd5 5. Ngf3 Nf6 6. Bb5+ Bd7 7. Bxd7+ Nbxd7 {[%cal Bb8d7,Bd7c5,Bc5e4,Be4d6,Bd6c4][%mdl 32]} 8. O-O Be7 9. dxc5 Nxc5 10. Nb3 Nce4 11. Nfd4 Nd6 {LiveBook: 25 Games. C08: French Tarrasch: 3...c5 4 exd5 exd5 sidelines} (11... Qd7 12. f3 Nd6 13. Nc5 Qc7 14. Nd3 O-O 15. Be3 Rfe8 16. Bf2 a6 17. Re1 g6 18. Qd2 Rac8 19. Re2 Nc4 20. Qf4 Qxf4 21. Nxf4 Nxb2 22. Rxe7 Rxe7 {1-0 (72) Antal,G (2522)-Short,N (2681) Caleta 2018}) 12. Bf4 O-O 13. Re1 Re8 14. Qd3 {[#]} Qb6 $146 ({Predecessor:} 14... Nc4 15. Nf5 Bf8 16. Rxe8 Qxe8 17. Nbd4 g6 18. Nh6+ Bxh6 19. Bxh6 {½-½ (36) Poli,G (2499)-Szczepanski,Z (2551) ICCF email 2007}) 15. a4 Nc4 16. a5 Qa6 17. Nf5 Bf8 18. Qd4 Rxe1+ 19. Rxe1 {The position is equal.} Nxa5 20. Nxa5 Qxa5 {[%cal Ra5e1] [#]} 21. Bd2 Qb6 22. Qxb6 axb6 23. Bc3 Ne4 24. Bd4 Bc5 25. Bxc5 bxc5 $11 {KRN-KRN} 26. Ne7+ Kf8 27. Nxd5 Rd8 28. Rxe4 {[#] Strongly threatening Ne3.} Rxd5 29. Kf1 f5 30. Re6 Rd2 {Precision: White = 58%, Black = 69%.} 1/2-1/2

[Event "BL 2017-18"]
[Site "Germany"]
[Date "2018.04.29"]
[Round "13.4"]
[White "Parvanyan, Ashot"]
[Black "Schneider, Stefan"]
[Result "1/2-1/2"]
[WhiteElo "2383"]
[BlackElo "2401"]
[Annotator "TA"]
[PlyCount "43"]
[EventDate "2018.05.24"]
[EventType "team-tourn"]
[EventCountry "GER"]
[SourceTitle "playchess.com"]
[Source "ChessBase"]
[SourceQuality "1"]
[WhiteTeam "Norderstedt"]
[BlackTeam "Bayern Muenchen"]

{[%evp 19,43,8,27,-4,19,13,28,8,3,0,7,0,10,16,6,12,21,16,15,12,22,0,8,0,0,-2]} 1. Nf3 d5 2. g3 Bg4 3. Bg2 c6 4. c4 e6 5. O-O Nf6 6. d3 Nbd7 7. cxd5 exd5 8. Nc3 Bd6 9. Qc2 O-O 10. e4 {A11: English Opening: 1...c6} Re8 {LiveBook: 22 Games} 11. Nh4 {[%cal Bf3h4,Bh4f5,Bf5d4][%mdl 32]} Nc5 12. h3 Bh5 13. Be3 $146 {[%cal Re4d5]} ({Predecessor:} 13. f4 Ne6 14. Kh2 Bc5 15. Na4 Bf8 16. Nc3 Bc5 17. Na4 Bf8 {½-½ (47) Fodor,T (2493)-Pert,N (2566) Reading 2017}) 13... Ne6 {[#] Strongly threatening ...d4.The position is equal.} 14. Nf5 {[%cal Re4d5]} Bf8 15. exd5 Nxd5 16. Nxd5 cxd5 17. Nd4 Rc8 18. Qb3 Nc5 19. Qxd5 Bg6 20. b4 Nxd3 21. Qxd8 Rcxd8 22. a3 1/2-1/2

[Event "BL 2017-18"]
[Site "Germany"]
[Date "2018.04.29"]
[Round "13.4"]
[White "Grigorian, Spartak"]
[Black "Loxine, Jakov"]
[Result "1/2-1/2"]
[WhiteElo "2321"]
[BlackElo "2397"]
[Annotator "TA"]
[PlyCount "48"]
[EventDate "2018.05.24"]
[EventType "team-tourn"]
[EventCountry "GER"]
[SourceTitle "playchess.com"]
[Source "ChessBase"]
[SourceQuality "1"]
[WhiteTeam "Werder Bremen"]
[BlackTeam "Dresden"]

{[%evp 12,48,67,56,74,56,41,35,34,18,56,31,35,35,57,52,56,52,50,41,47,33,25,33,20,27,39,33,41,23,20,20,22,14,47,40,38,59,54]} 1. d4 g6 2. c4 Bg7 3. e4 Nc6 4. Nf3 d6 5. d5 Nb8 6. Nc3 {A40: Unusual replies to 1 d4} Nf6 7. h3 {LiveBook: 24 Games} a5 (7... O-O 8. Bd3 c6 9. O-O e6 10. Bg5 h6 11. Bh4 cxd5 12. cxd5 exd5 13. exd5 Qa5 14. Qd2 Nxd5 15. Nxd5 Qxd5 {½-½ (58) Akobian,V (2640)-Grigoryan,K (2571) chess.com INT 2018}) 8. Be3 {White is better.} Na6 9. Be2 O-O 10. O-O Nc5 $146 ({Predecessor:} 10... b6 11. Nd4 Nc5 12. Nc6 Qe8 13. e5 dxe5 14. Nb5 Na6 15. Nxe5 Bb7 16. f4 Rd8 {0-1 (63) Petran,P (2425)-Mester,G (2390) Hungary 1998}) 11. Qc2 Nfd7 12. Rad1 Qe8 13. Nd4 e5 14. dxe6 fxe6 15. Ndb5 Na6 16. a3 b6 17. Rb1 Bb7 18. b4 axb4 19. axb4 Qe7 20. Rfd1 Ne5 21. Na4 Nc6 22. Qd2 {[%cal Rb5d6]} Naxb4 23. Rxb4 Nxb4 24. Qxb4 Bxe4 {Precision: White = 64%, Black = 54%.} 1/2-1/2

[Event "BL 2017-18"]
[Site "Germany"]
[Date "2018.04.29"]
[Round "13.5"]
[White "Piorun, Kacper"]
[Black "Tregubov, Pavel V"]
[Result "1/2-1/2"]
[WhiteElo "2642"]
[BlackElo "2575"]
[Annotator "TA"]
[PlyCount "80"]
[EventDate "2018.05.24"]
[EventType "team-tourn"]
[EventCountry "GER"]
[SourceTitle "playchess.com"]
[Source "ChessBase"]
[SourceQuality "1"]
[WhiteTeam "SFR Berlin"]
[BlackTeam "Muelheim"]

{[%evp 22,80,15,16,43,22,27,40,32,-12,-21,-9,-6,-42,-41,-65,-70,-80,-26,-77,-96,-96,-36,-64,-76,-59,-42,-66,-33,-48,-34,-79,-45,-43,-20,-64,-69,-65,-49,-60,-18,-50,-26,-52,-29,-36,-29,-28,-8,-13,-8,-8,0,0,0,0,0,0,0,0,0]} 1. e4 e5 2. Nf3 Nf6 3. Nxe5 d6 4. Nf3 Nxe4 5. d4 d5 6. Bd3 Bd6 7. O-O O-O 8. c4 c6 9. Qc2 Na6 {[%cal Bb8a6,Ba6c7,Bc7e6][%mdl 32]} 10. a3 {C42: Petroff Defence: 3 Nxe5 and unusual White 3rd moves} f5 (10... Bg4 11. Ne5 Bf5 12. b4 Nc7 13. f3 Bg6 14. c5 Bxe5 15. dxe5 Ng5 16. Bb2 d4 17. f4 Nd5 18. fxg5 Ne3 {1-0 (42) Anand,V (2767)-Caruana,F (2811) Wijk aan Zee 2018}) 11. b4 Nc7 12. Nc3 {LiveBook: 21 Games} Qe8 13. c5 Be7 14. Ne2 $146 ({Predecessor:} 14. Bf4 Ne6 15. Be5 Bf6 16. Bxf6 Rxf6 17. Ne2 Qh5 18. Ng3 Qh6 19. Rfe1 g5 20. Ne5 Qh4 21. Nf3 Qh6 22. Ne5 Qh4 23. Nf3 {½-½ (23) Haeusler,W (2381)-Koesebay,O (2477) ICCF email 2004}) 14... Bf6 15. Bb2 Ne6 16. Rae1 Qe7 17. b5 g6 18. Nc1 Bd7 19. a4 Rfc8 (19... b6 $17 20. cxb6 cxb5) 20. bxc6 (20. Ne2 $11) 20... Bxc6 $17 21. Bb5 b6 ({Black should play} 21... Qg7 $17 {[%cal Re6d4]} 22. Ne2 {[#]} N4xc5 $1 {[%mdl 512]}) 22. Bxc6 Rxc6 23. Nd3 bxc5 24. dxc5 Bxb2 25. Qxb2 N6xc5 26. Qd4 Qd6 27. Nb4 Nb3 28. Qxd5+ Qxd5 29. Nxd5 {[#] Strongly threatening Ne7+.} Rd6 $1 {[%cal Rd6d5]} 30. Nc7 Rc8 31. Nb5 {aiming for Rxe4.} Rd7 32. Re3 Nbc5 33. Ra1 a6 34. Nc3 Rcd8 35. g3 {The position is equal.} Rd3 36. Rxd3 Rxd3 37. Nxe4 Nxe4 38. Ne5 Rd2 39. f4 a5 40. Rc1 Ra2 {Precision: White = 51%, Black = 49%.} 1/2-1/2

[Event "BL 2017-18"]
[Site "Germany"]
[Date "2018.04.29"]
[Round "13.5"]
[White "Ribli, Zoltan"]
[Black "Powierski, Emil"]
[Result "1-0"]
[WhiteElo "2536"]
[BlackElo "2329"]
[Annotator "TA"]
[PlyCount "47"]
[EventDate "2018.05.24"]
[EventType "team-tourn"]
[EventCountry "GER"]
[SourceTitle "playchess.com"]
[Source "ChessBase"]
[SourceQuality "1"]
[WhiteTeam "Bayern Muenchen"]
[BlackTeam "Norderstedt"]

{[%evp 23,47,27,42,-7,0,-4,106,95,113,102,114,102,387,109,345,317,324,314,358,358,400,399,393,389,376,358]} 1. Nf3 Nf6 2. g3 c5 3. c4 Nc6 4. Nc3 g6 5. Bg2 Bg7 6. d4 cxd4 7. Nxd4 O-O 8. O-O d6 9. Nxc6 bxc6 10. Bxc6 Rb8 11. Bg2 Qa5 12. Qc2 Bb7 {LiveBook: 7 Games. E65: King's Indian: Fianchetto: 6...c5 7 0-0 without d5 by White} (12... Bf5 13. e4 Be6 14. Bd2 Bxc4 15. Nd5 Qa6 16. Nc7 Qc6 17. e5 Qxc7 18. exf6 Bxf6 19. b3 Rfc8 20. bxc4 Bxa1 21. Rxa1 Qxc4 22. Qxc4 Rxc4 {½-½ (100) Melkumyan,H (2622)-Navara,D (2728) Germany 2016}) 13. e4 Rfc8 14. Nd1 $146 ({Predecessor:} 14. b3 Nxe4 15. Nxe4 Bxa1 16. Bd2 Bxe4 17. Bxe4 Qe5 18. Bf4 Qg7 19. Re1 Be5 20. Bg5 {0-1 (50) Mueller,M (2264)-Sergeev,V (2432) Dresden 2013}) 14... d5 {[#]} (14... Qe5 $11) 15. Bf4 $1 $16 {[%cal Rf4b8]} Ra8 16. exd5 Nxd5 {[#]} 17. Bd2 $1 {[%cal Rd2a5]} Qb6 $2 {[%mdl 8192]} (17... Qa6 $16) 18. Qe4 $2 (18. Qb3 $18 {and the rest is easy.}) 18... Ba6 $2 (18... f5 $16 {was necessary.} 19. Qe2 Nf6) 19. cxd5 Bxf1 20. Bxf1 ({Don't play} 20. Kxf1 Bxb2 21. Rb1 Qa6+ 22. Qe2 Qxe2+ 23. Kxe2 Ba3) 20... Bf6 21. Bc3 {White is winning.} Bxc3 22. bxc3 {[%cal Bb2c3,Bc3c4][%mdl 32]} ({Inferior is} 22. Nxc3 Qxb2 23. Rd1 Qxc3 $15) 22... Qc5 23. Rb1 Rab8 24. c4 {Precision: White = 64%, Black = 22%.} 1-0

[Event "BL 2017-18"]
[Site "Germany"]
[Date "2018.04.29"]
[Round "13.5"]
[White "Hoffmeyer, Falk"]
[Black "Lampert, Jonas"]
[Result "0-1"]
[WhiteElo "2334"]
[BlackElo "2532"]
[Annotator "TA"]
[PlyCount "120"]
[EventDate "2018.05.24"]
[EventType "team-tourn"]
[EventCountry "GER"]
[SourceTitle "playchess.com"]
[Source "ChessBase"]
[SourceQuality "1"]
[WhiteTeam "Zugzwang Muenchen"]
[BlackTeam "Hamburg SK"]

{[%evp 21,120,0,0,0,0,-15,0,-12,0,0,39,8,44,32,23,0,0,0,12,9,25,12,25,0,0,0,0,-1,29,0,0,-13,-8,-4,0,0,-6,-2,0,-12,-8,-10,-8,-24,0,0,0,-25,0,0,0,0,0,0,0,0,0,0,0,0,0,-37,-9,-125,-124,-133,-131,-135,-108,-143,-91,-125,-185,-179,-173,-158,-106,-250,-235,-234,-236,-231,-191,-216,-210,-430,-422,-474,-432,-684,-406,-2776,-5198,-5089,-5181,-5517,-5089,-29961,-29961,-29968,-5663]} 1. d4 d5 2. Bf4 Nf6 3. e3 c5 4. Nf3 Nc6 5. Nbd2 e6 6. c3 cxd4 7. exd4 {D02: 1 d4 d5 2 Nf3 sidelines, including 2...Nf6 3 g3 and 2...Nf6 3 Bf4} Nh5 8. Be3 Bd6 9. Ne5 (9. Bd3 Nf4 10. Bxf4 Bxf4 11. O-O O-O 12. Re1 Bd7 13. Ne5 Nxe5 14. dxe5 g6 {1-0 (104) Vidit,S (2715)-Aronian,L (2805) Riadh 2017}) 9... g6 10. Be2 Ng7 11. f4 f6 {LiveBook: 3 Games} 12. Nd3 O-O 13. O-O Qc7 $146 ({Predecessor:} 13... b6 14. g3 Re8 {1-0 (43) Petrosyan,M (2559)-Pogosyan,S (2349) Yerevan 2017}) 14. g3 Bd7 15. Bf3 Kh8 16. Bg2 Rae8 17. Bf2 Nf5 18. Nb3 b6 19. a4 Be7 20. Re1 Nd6 21. Nd2 Na5 22. Qc2 Nac4 23. Nxc4 dxc4 24. Nc1 {[%cal Bd3c1,Bc1e2,Be2d4][%mdl 32]} f5 25. d5 (25. a5 $5) 25... exd5 26. Bxd5 Bf6 {Strongly threatening ...Rxe1+.} 27. Ne2 Bc6 28. Bxc6 Qxc6 29. Bd4 Ne4 30. Bxf6+ Rxf6 31. Nd4 Qc5 32. Kg2 Rd8 33. Rad1 Qc8 34. Nb5 Rff8 35. Rxd8 Rxd8 36. Rd1 a6 37. Rxd8+ Qxd8 38. Nd4 Qd5 39. Kg1 Kg7 40. Qe2 Kf7 41. Nc2 Nc5 {White must now prevent ...Qd3.} (41... Qd3 {looks sharper.} 42. Kf1 Nc5 43. a5 Qd5 44. Kg1 bxa5 45. Ne3 Qd3) 42. Ne3 (42. Nd4 $11 {remains equal.}) 42... Qd3 $36 {[%mdl 2048] White is under strong pressure.} 43. Kf2 Qxe2+ $1 44. Kxe2 Nxa4 45. Nxc4 {[%mdl 4096] Endgame KN-KN} Ke6 ({Better is} 45... b5 46. Ne5+ Ke6) 46. Kd2 b5 47. b3 Nc5 ({Not} 47... bxc4 48. bxa4 Kd6 49. Ke3 $11) 48. Na5 Kd5 49. Ke3 (49. c4+ $17 {is a better defense.} bxc4 50. bxc4+ Kd4 51. Kc2) 49... Ne4 $1 $19 50. Kd3 {[#]} Nf2+ $1 51. Ke2 {[#]} Ng4 $1 52. h3 Nf6 53. Kf3 $2 (53. h4 {is the only way for White.}) 53... Ne4 54. c4+ Kc5 55. g4 (55. cxb5 $142 Kxb5 56. Nc4) 55... Nd6 56. h4 (56. gxf5 $142 gxf5 57. cxb5 axb5 58. Kf2) 56... b4 57. gxf5 gxf5 58. Ke3 Kb6 59. c5+ Kxc5 60. Kd3 Kb5 {Precision: White = 36%, Black = 62%.} 0-1

[Event "BL 2017-18"]
[Site "Germany"]
[Date "2018.04.29"]
[Round "13.6"]
[White "Fridman, Daniel"]
[Black "Mista, Aleksander"]
[Result "1/2-1/2"]
[WhiteElo "2635"]
[BlackElo "2589"]
[Annotator "TA"]
[PlyCount "114"]
[EventDate "2018.05.24"]
[EventType "team-tourn"]
[EventCountry "GER"]
[SourceTitle "playchess.com"]
[Source "ChessBase"]
[SourceQuality "1"]
[WhiteTeam "Muelheim"]
[BlackTeam "SFR Berlin"]

{[%evp 23,114,26,27,21,16,10,8,12,8,7,14,17,8,8,14,0,0,0,0,0,0,0,0,-4,0,0,0,0,0,0,0,0,0,0,0,0,0,0,0,0,0,0,0,0,0,0,0,-7,0,0,0,0,0,0,0,0,0,0,0,0,0,0,0,0,0,0,0,0,0,0,0,0,0,0,0,0,0,0,0,0,0,0,0,0,0,0,0,0,0,0,0,0,0]} 1. Nf3 c5 2. c4 Nc6 3. Nc3 Nf6 4. g3 d5 5. d4 e6 6. cxd5 Nxd5 7. Bg2 cxd4 8. Nxd4 Nxc3 9. bxc3 Nxd4 10. Qxd4 Qxd4 11. cxd4 Bd6 12. a4 {D41: Queen's Gambit Declined: Semi-Tarrasch with 5 cxd5} Rb8 {LiveBook: 8 Games} 13. Ba3 Ke7 {The position is equal.} 14. Bxd6+ Kxd6 {[#]} 15. a5 $146 ({Predecessor:} 15. Kd2 Bd7 16. Rhc1 Rhc8 17. a5 Rxc1 18. Rxc1 b6 19. axb6 Rxb6 20. Ra1 Rb2+ 21. Kd1 Rb4 22. Ra6+ Ke7 23. Rxa7 Rxd4+ 24. Ke1 Ra4 25. Rxa4 Bxa4 {½-½ (25) Wojtaszek,R (2745)-Karjakin,S (2783) Shamkir 2017}) 15... Bd7 16. Kd2 Rhc8 17. Rhb1 Bc6 18. e4 f5 19. Ke3 fxe4 20. Rc1 Rf8 21. Rc2 b5 {[%cal Bb7b5,Bb5b4,Bb4b3][%mdl 32]} 22. Rac1 Bd7 23. Bxe4 b4 24. Bxh7 b3 25. Rb2 Rh8 26. Bd3 Rxh2 27. Be2 Bc6 28. Bf3 Bxf3 29. Kxf3 $11 {[%mdl 4096] Endgame KRR-KRR} Rh5 30. Rc3 Rhb5 31. Ke4 g5 32. f3 Rb4 {[#] And now ...e5 would win.} 33. f4 g4 34. Rc5 R8b5 35. Rc3 a6 36. Rd3 Rb8 37. Rc3 R8b7 38. Rc5 R7b5 39. Rc3 e5 40. fxe5+ Rxe5+ 41. Kd3 Rd5 42. Rcxb3 Rdxd4+ 43. Ke3 Re4+ 44. Kf2 Kc5 45. Rxb4 Rxb4 {KR-KR} 46. Ra2 Re4 47. Rb2 Ra4 48. Rb6 Rxa5 49. Rg6 Ra4 50. Ke3 a5 51. Rg5+ Kd6 52. Rg6+ Ke5 53. Rg5+ Ke6 54. Rb5 Ra1 55. Kf4 Ra4+ 56. Ke3 Ra3+ 57. Kf4 Ra4+ {Precision: White = 87%, Black = 71%.} 1/2-1/2

[Event "BL 2017-18"]
[Site "Germany"]
[Date "2018.04.29"]
[Round "13.6"]
[White "Ftacnik, Lubomir"]
[Black "Schramm, Christian"]
[Result "1/2-1/2"]
[WhiteElo "2520"]
[BlackElo "2376"]
[Annotator "TA"]
[PlyCount "99"]
[EventDate "2018.05.24"]
[EventType "team-tourn"]
[EventCountry "GER"]
[SourceTitle "playchess.com"]
[Source "ChessBase"]
[SourceQuality "1"]
[WhiteTeam "Hamburg SK"]
[BlackTeam "Zugzwang Muenchen"]

{[%evp 15,99,20,30,0,34,37,32,32,53,49,57,57,106,61,61,41,53,66,61,0,0,-10,39,0,0,0,0,0,39,0,33,20,27,20,29,34,35,26,22,26,24,33,16,12,18,17,38,0,18,31,44,44,45,31,56,56,52,56,64,62,76,76,62,54,53,70,67,47,49,47,72,16,16,16,16,16,14,13,39,39,41,41,49,46,41,8]} 1. Nf3 Nf6 2. c4 e6 3. g3 d5 4. d4 dxc4 5. Bg2 Bd7 6. Ne5 Bc6 7. Nxc6 Nxc6 8. O-O Qd7 {LiveBook: 173 Games. E04: Open Catalan: 5 Nf3} 9. Nc3 (9. e3 Rd8 10. Qe2 e5 11. Qxc4 exd4 12. Qb5 Rb8 13. Rd1 a6 14. Qf1 Bd6 15. exd4 O-O 16. Bh3 {½-½ (76) Tomashevsky,E (2722)-Bu,X (2698) Novi Sad 2016}) 9... O-O-O 10. e3 e5 {[%cal Re5d4]} 11. Qa4 Kb8 12. Qxc4 Bd6 $146 ({Predecessor:} 12... exd4 13. exd4 Qxd4 14. Qxf7 Ne5 15. Qe6 Re8 16. Qb3 {1-0 (33) Ju,W (2547)-Venkatesh,M (2460) Caleta 2015}) 13. Rd1 Rhe8 14. Bd2 e4 15. Rac1 h5 16. b4 Qf5 17. Na4 (17. Nb5 $14) 17... h4 18. Nc5 $1 {[%cal Rc5b7] Hoping for Nxb7!} ({Not} 18. Qxf7 $2 Rh8 $19) 18... Ng4 19. Be1 hxg3 20. hxg3 {[#] Strongly threatening Nxb7!} Bxc5 $1 21. bxc5 Ne7 ({Don't play} 21... Rh8 $6 22. Rb1 $16) 22. c6 Nxc6 23. d5 Nce5 24. Qxe4 (24. Qxc7+ Ka8 $19) 24... Qxe4 25. Bxe4 g6 26. Bg2 f5 27. e4 Nf7 28. exf5 gxf5 29. Rc2 Rd7 30. Bb4 Nd6 31. Rd4 b6 32. Rf4 Re5 33. Bf3 a5 34. Bc3 Ree7 35. Bxg4 fxg4 36. Rxg4 Ne4 37. Bb2 Rxd5 38. Re2 Nf6 39. Rxe7 Nxg4 $14 {[%mdl 4096] Endgame KRB-KRN} 40. Re2 b5 41. f3 Nh6 $1 42. g4 b4 43. Bg7 (43. Kf1 $16) 43... Nxg4 $1 $11 44. fxg4 {KRB-KR} Rg5 45. Be5 {[#] Black must now prevent Re4.} Rxg4+ 46. Kf2 {Threatens to win with Rc2.} Rc4 47. Ke3 {White is slightly better.} Kb7 48. Kd3 Rc1 49. Bb2 Rc5 50. Re5 {Precision: White = 67%, Black = 52%.} 1/2-1/2

[Event "BL 2017-18"]
[Site "Germany"]
[Date "2018.04.29"]
[Round "13.6"]
[White "Meyer, Falko"]
[Black "Meister, Peter"]
[Result "0-1"]
[WhiteElo "2212"]
[BlackElo "2359"]
[Annotator "TA"]
[PlyCount "94"]
[EventDate "2018.05.24"]
[EventType "team-tourn"]
[EventCountry "GER"]
[SourceTitle "playchess.com"]
[Source "ChessBase"]
[SourceQuality "1"]
[WhiteTeam "Norderstedt"]
[BlackTeam "Bayern Muenchen"]

{[%evp 12,94,45,9,77,28,56,21,41,39,41,45,37,40,65,54,55,12,33,18,51,7,4,-16,-26,-28,-6,-21,-4,-55,-16,-22,-19,-62,-62,-85,-69,-84,-88,-103,-91,-167,-118,-141,-147,-152,-134,-225,-232,-219,-213,-220,-223,-231,-214,-206,-199,-196,-196,-196,-197,-313,-183,-306,-311,-295,-267,-350,-341,-493,-466,-418,-373,-722,-715,-682,-660,-653,-635,-660,-619,-605,-594,-573,-559]} 1. d4 g6 2. e4 Bg7 3. Nc3 d6 4. Be3 a6 5. a4 Nc6 6. h3 e5 {B06: Modern Defence} 7. Nf3 {LiveBook: 17 Games} (7. d5 Nce7 8. g4 f5 9. f3 c5 10. a5 Nf6 11. Qd2 O-O 12. Bc4 Rb8 13. Nge2 Bd7 14. g5 {0-1 (21) Cornette,M (2591)-Jones,G (2625) Auckland 2016}) 7... Nge7 (7... exd4 $11 8. Nxd4 Nge7) 8. Bc4 O-O {White has an edge.} 9. O-O (9. d5 {looks sharper.} Nb4 10. a5 Bd7 11. Ra3 b5 12. axb6 cxb6 13. O-O) 9... exd4 10. Nxd4 Nxd4 $146 ({Predecessor:} 10... Bxd4 11. Bxd4 Be6 12. Bxe6 fxe6 13. Be3 Qd7 14. Qe2 {1-0 (26) Gadimbayli,A (2294)-Muradli,M (2331) Baku 2016}) 11. Bxd4 Bxd4 12. Qxd4 Nc6 13. Qd2 Be6 14. Nd5 Ne5 {[%cal Bc6e5,Be5d7,Bd7c5][%mdl 32]} 15. Be2 Nd7 16. b4 a5 17. Rfe1 axb4 18. Qxb4 Nc5 19. Nc3 Qg5 20. Bg4 (20. Bf1 $11) 20... h5 21. Bxe6 fxe6 22. Qd4 e5 23. Qd5+ Rf7 24. Re3 Kg7 $36 {[%mdl 2048] Black has strong initiative.} 25. Ne2 Raf8 26. f4 (26. Rg3 $17 Qh6 27. Rf1) 26... Qh4 ({But not} 26... Rxf4 27. Nxf4 Rxf4 28. Rae1 $11) 27. Rf3 exf4 28. Raf1 Kh7 29. g3 (29. e5 $17 {is a better defense.}) 29... Qxh3 $19 30. Nxf4 Qg4 {[#] White must now prevent ...Rxf4!} 31. Nxg6 Rxf3 32. Nxf8+ Kg7 33. Rxf3 Qxf3 34. Ne6+ Nxe6 35. Qxe6 Qxg3+ {[%mdl 4096] Endgame KQ-KQ} 36. Kf1 (36. Kh1 {only move.}) 36... Qf4+ (36... Qf3+ $142 37. Ke1 Qe3+ 38. Kd1 Qf3+ 39. Ke1 Qc3+ 40. Kd1 Qf3+ 41. Ke1) 37. Ke1 (37. Kg2 $142) 37... Qc1+ 38. Ke2 Qxc2+ 39. Ke1 Qc3+ ({Inferior is} 39... Qxa4 40. Qe7+ Kg8 41. Qe6+ Kg7 42. Qe7+ Kg8 43. Qe6+ Kf8 44. Qf6+ Kg8 45. Qg6+ Kf8 46. Qf6+ Ke8 47. Qe6+ Kf8 48. Qf6+ $11) 40. Kd1 (40. Ke2 $142) 40... Qf3+ 41. Kc1 Qf7 42. Qh3 $2 {[#]} (42. Qc8) 42... Qf4+ {Black is clearly winning.} 43. Kb2 Kg6 44. Qg2+ Kh6 45. Qg8 Qxe4 46. Qf8+ Kg5 47. Qd8+ Kg4 {Precision: White = 23%, Black = 68%.} 0-1

[Event "BL 2017-18"]
[Site "Germany"]
[Date "2018.04.29"]
[Round "13.7"]
[White "Nisipeanu, Liviu-Dieter"]
[Black "Fressinet, Laurent"]
[Result "1/2-1/2"]
[WhiteElo "2681"]
[BlackElo "2662"]
[Annotator "TA"]
[PlyCount "43"]
[EventDate "2018.05.24"]
[EventType "team-tourn"]
[EventCountry "GER"]
[SourceTitle "playchess.com"]
[Source "ChessBase"]
[SourceQuality "1"]
[WhiteTeam "Dresden"]
[BlackTeam "Werder Bremen"]

{[%evp 20,43,18,18,30,0,9,0,7,0,6,5,6,10,14,16,20,26,18,26,17,0,27,0,11,0]} 1. e4 e5 2. Nf3 Nc6 3. Bb5 a6 4. Ba4 Nf6 5. d3 b5 6. Bb3 Bc5 7. Nc3 d6 {C77: Ruy Lopez: 3...a6 4 Ba4 Nf6, unusual lines} 8. Nd5 h6 9. c3 Be6 (9... O-O 10. O-O Rb8 11. Nxf6+ Qxf6 12. h3 Ne7 13. d4 Bb6 14. Be3 Ng6 15. a4 {1-0 (45) Caruana,F (2808)-Mamedyarov,S (2800) Paris 2017}) 10. Nxf6+ Qxf6 11. O-O {LiveBook: 3 Games} Ba7 12. Kh1 $146 ({Predecessor:} 12. Bxe6 Qxe6 13. d4 Ne7 {1-0 (51) Ni,S (2450)-Gu,T (2212) China 2017}) 12... O-O 13. Ng1 {[%cal Bf3g1,Bg1h3,Bh3f4,Bf4h5][%mdl 32]} Na5 ({Don't blunder} 13... Bxf2 $2 14. Qc2 $18) 14. Bd5 c6 15. Bxe6 Qxe6 16. f4 exf4 17. Nh3 f5 18. Nxf4 Qf7 $1 19. Nh5 {aiming for b4.} Qg6 20. Nf4 Qf7 $1 21. Nh5 {[#] Strongly threatening b4.} Qg6 22. Nf4 1/2-1/2